Los indios de México, 500 años después / (Record no. 20549)

MARC details
000 -CABECERA
campo de control de longitud fija 01181nam a22002897a 4500
003 - IDENTIFICADOR DEL NÚMERO DE CONTROL
campo de control OSt
005 - FECHA Y HORA DE LA ÚLTIMA TRANSACCIÓN
campo de control 20260601171012.0
008 - DATOS DE LONGITUD FIJA--INFORMACIÓN GENERAL
campo de control de longitud fija 260421b1993\\\\mx\a||||\||||\00|\0\spa\d
040 ## - FUENTE DE LA CATALOGACIÓN
Centro catalogador/agencia de origen ICI
Lengua de catalogación spa
Centro/agencia transcriptor ICI
050 ## - SIGNATURA TOPOGRÁFICA DE LA BIBLIOTECA DEL CONGRESO
Número de clasificación F1219.3S57
Número de documento/Ítem R56 1993
100 ## - ENTRADA PRINCIPAL--NOMBRE DE PERSONA
Nombre de persona Rios Navarrete, Humberto,
Término indicativo de función/relación autor
9 (RLIN) 33308
245 ## - MENCIÓN DE TÍTULO
Título Los indios de México, 500 años después /
Mención de responsabilidad, etc. reporteros Humberto Ríos Navarrete, Leonardo Rosas, Martín Vargas Vidales ; fotógrafos, Luis Jorge Gallegos, Francisco Martínez, Mario Martínez Meza, Aarón Sánchez, Miguel Velasco
264 ## - PRODUCCIÓN, PUBLICACIÓN, DISTRIBUCIÓN, FABRICACIÓN Y COPYRIGHT
Producción, publicación, distribución, fabricación y copyright México :
Nombre del de productor, editor, distribuidor, fabricante Editorial Uno,
Fecha de producción, publicación, distribución, fabricación o copyright 1993
300 ## - DESCRIPCIÓN FÍSICA
Extensión 219 páginas
Otras características físicas ilustraciones
Dimensiones 20 cm.
336 ## - TIPO DE CONTENIDO
Fuente rdacontent
Término de tipo de contenido texto
337 ## - TIPO DE MEDIO
Fuente rdamedia
Nombre/término del tipo de medio sin medio
338 ## - TIPO DE SOPORTE
Fuente rdacarrier
Nombre/término del tipo de soporte volumen
650 ## - PUNTO DE ACCESO ADICIONAL DE MATERIA--TÉRMINO DE MATERIA
Término de materia o nombre geográfico como elemento de entrada Indios de México
700 ## - PUNTO DE ACCESO ADICIONAL--NOMBRE DE PERSONA
Nombre de persona Rosas, Leonardo,
Término indicativo de función/relación autor
9 (RLIN) 33309
700 ## - PUNTO DE ACCESO ADICIONAL--NOMBRE DE PERSONA
Nombre de persona Vargas Vidales, Martin,
Término indicativo de función/relación autor
9 (RLIN) 33310
700 ## - PUNTO DE ACCESO ADICIONAL--NOMBRE DE PERSONA
Nombre de persona Gallegos, Luis Jorge
Término indicativo de función/relación fotógrafo
9 (RLIN) 33311
700 ## - PUNTO DE ACCESO ADICIONAL--NOMBRE DE PERSONA
Nombre de persona Martínez, Francisco,
Término indicativo de función/relación fotógrafo
9 (RLIN) 13143
700 ## - PUNTO DE ACCESO ADICIONAL--NOMBRE DE PERSONA
Nombre de persona Martínez Meza, Mario,
Término indicativo de función/relación fotógrafo
9 (RLIN) 33312
700 ## - PUNTO DE ACCESO ADICIONAL--NOMBRE DE PERSONA
Nombre de persona Sánchez, Aarón,
Término indicativo de función/relación fotógrafo
9 (RLIN) 33313
700 ## - PUNTO DE ACCESO ADICIONAL--NOMBRE DE PERSONA
Nombre de persona Velasco, Miguel,
Término indicativo de función/relación fotógrafo
9 (RLIN) 33314
942 ## - ELEMENTOS DE PUNTO DE ACCESO ADICIONAL (KOHA)
Fuente del sistema de clasificación o colocación Library of Congress Classification
Tipo de ítem Koha Libros

No items available.